[Event "Tilburg"]
[Site "Tilburg"]
[Date "1994.??.??"]
[Round "3"]
[White "Vaganian, Rafael A"]
[Black "Sokolov, Ivan"]
[Result "0-1"]
[WhiteElo "2645"]
[BlackElo "2625"]

1.Nf3 d5 2.g3 c6 3.Bg2 Bg4 4.O-O Nd7 5.d3 e6 6.Nbd2 Bd6 7.b3 Ne7 8.Bb2 O-O
9.c4 a5 10.a3 e5 11.cxd5 cxd5 12.h3 Bh5 13.g4 Bg6 14.Nh4 Nc5 15.Ndf3 d4 16.Rc1 Ne6
17.e3 dxe3 18.fxe3 Qb6 19.d4 Rad8 20.Nxg6 Nxg6 21.Qc2 exd4 22.Nxd4 Nxd4 23.Bxd4 Qa6
24.Rf5 Bxa3 25.Rcf1 Ne7 26.Rh5 g6 27.Re5 Bd6 28.Re4 Nd5 29.g5 Qb5 30.Ba1 Rc8
31.Rc4 Rxc4 32.bxc4 Nxe3 33.Qc3 Qe5 34.Qxe5 Bxe5 35.Bxe5 Nxf1 36.Kxf1 Re8
37.Bd4 Re7 38.Kf2 a4 39.Bb2 h6 40.h4 hxg5 41.hxg5 Rc7 42.Bd5 Rd7  0-1

[Event "Tilburg"]
[Site "Tilburg"]
[Date "1994.??.??"]
[Round "3"]
[White "Sokolov, Ivan"]
[Black "Vaganian, Rafael A"]
[Result "1-0"]
[WhiteElo "2625"]
[BlackElo "2645"]

1.d4 d5 2.c4 e6 3.Nc3 Be7 4.cxd5 exd5 5.Bf4 c6 6.e3 Bf5 7.Nge2 Nd7 8.Ng3 Bg6
9.Be2 Nf8 10.Bg4 Nf6 11.Bh3 Ne6 12.Be5 Ng5 13.Bf5 O-O 14.h4 Nge4 15.Bxg6 hxg6
16.Ngxe4 Nxe4 17.Nxe4 dxe4 18.h5 gxh5 19.Qxh5 Qa5+ 20.Kf1 f6 21.Qg6 Qd5 22.Bf4 Rfd8
23.Rh5 Qe6 24.Rh7  1-0

[Event "Tilburg"]
[Site "Tilburg"]
[Date "1994.??.??"]
[Round "3"]
[White "Tukmakov, Vladimir B"]
[Black "Lputian, Smbat G"]
[Result "0-1"]
[WhiteElo "2565"]
[BlackElo "2590"]

1.d4 e6 2.Nf3 d5 3.c4 Nf6 4.Nc3 Be7 5.Bf4 O-O 6.e3 c5 7.dxc5 Bxc5 8.a3 Nc6
9.Qc2 Qa5 10.Nd2 Bb4 11.cxd5 exd5 12.Bd3 d4 13.O-O Bxc3 14.Nc4 Qh5 15.bxc3 Nd5
16.Bg3 dxe3 17.Rae1 Be6 18.fxe3 Rad8 19.Nd6 Ne5 20.Bf5 Rxd6 21.Bxe5 Rdd8
22.e4 Ne7 23.Bd4 Bxf5 24.exf5 Nc6 25.Qf2 Nxd4 26.cxd4 Qg5 27.Re5 Rd7 28.Rfe1 h6
29.h3 Rfd8 30.Re8+ Rxe8 31.Rxe8+ Kh7 32.Kh2 Qf6 33.Re5 Qd6 34.Qg3 Qxd4 35.Re8 Qf6
36.Re5 b6 37.a4 Rd3 38.Qf4 Qd6 39.f6 gxf6 40.Qf5+ Kh8 41.Qc8+ Kg7 42.Qg4+ Kf8
43.Qc8+ Qd8 44.Qxd8+ Rxd8 45.Rh5 Re8 46.Rxh6 Re4 47.Rxf6 Rxa4 48.Kg3 b5 49.Kf3 b4
50.Ke3 Ra3+ 51.Kd4 a5 52.Rb6 b3 53.Kc3 a4 54.Rb4 Ra2 55.h4 f5 56.g3 Rc2+
57.Kd3 Rc1 58.Kd2 Rg1  0-1

[Event "Tilburg"]
[Site "Tilburg"]
[Date "1994.??.??"]
[Round "3"]
[White "Karpov, Anatoly"]
[Black "Antunes, Antonio"]
[Result "1-0"]
[WhiteElo "2780"]
[BlackElo "2510"]

1.d4 d5 2.c4 c6 3.Nf3 Nf6 4.Nc3 e6 5.e3 Nbd7 6.Bd3 dxc4 7.Bxc4 b5 8.Bd3 b4
9.Ne4 Be7 10.O-O Bb7 11.Nxf6+ Nxf6 12.e4 O-O 13.e5 Nd7 14.Be4 Rb8 15.Qc2 h6
16.Be3 c5 17.Bxb7 Rxb7 18.Rfd1 Qc8 19.dxc5 Nxc5 20.Rac1 Rd8 21.Qc4 Rxd1+
22.Rxd1 a5 23.Rc1 Rd7 24.Qb5 Qd8 25.h3 Rb7 26.Qc4 Nd3 27.Rc2 Rd7 28.Qa6 Bf8
29.Rc8 Qe7 30.Qa8 f5 31.Re8 Qf7 32.Qc8 Rd5 33.Nd4 Nxe5 34.Nxe6 Nd7 35.Bd4 f4
36.Bxg7 f3 37.Bxf8 Rd1+ 38.Kh2 Nf6 39.Re7 fxg2 40.Bxh6+  1-0

[Event "Tilburg"]
[Site "Tilburg"]
[Date "1994.??.??"]
[Round "3"]
[White "Yudasin, Leonid"]
[Black "Glek, Igor V"]
[Result "1-0"]
[WhiteElo "2625"]
[BlackElo "2615"]

1.e4 e6 2.d4 d5 3.Nc3 Nf6 4.e5 Nfd7 5.f4 c5 6.Nf3 Nc6 7.Ne2 b5 8.a3 Rb8 9.Be3 b4
10.axb4 Rxb4 11.b3 a5 12.c3 Rb8 13.dxc5 Bxc5 14.Ned4 Qb6 15.Bd3 Nxd4 16.cxd4 Be7
17.Bc2 Ba6 18.Kf2 f6 19.Qb1 f5 20.h3 Qb5 21.Bd2 Bb4 22.Bxb4 axb4 23.Qa2 Rb6
24.Rhd1 Qe2+ 25.Kg3 Ke7 26.Rd2 Qe3 27.Re1 Qc3 28.Bb1 Qc6 29.Rc2 Qa8 30.Rcc1 Rc8
31.Qd2 Rxc1 32.Rxc1 Qb8 33.Kh2 Qb7 34.g4 g6 35.Qf2 Ke8 36.gxf5 exf5 37.Qh4 Nf8
38.Ng5 Rc6 39.Re1 Qe7 40.Qh6 Rc3 41.Bxf5 Rxb3 42.Bg4 Bb7 43.f5 Rb2+ 44.Kg3 Rb3+
45.Kf4 Bc8 46.f6 Qa7 47.Qg7 Qxd4+ 48.Ne4 g5+ 49.Kxg5 Qxe5+ 50.Kh6  1-0

[Event "Tilburg"]
[Site "Tilburg"]
[Date "1994.??.??"]
[Round "3"]
[White "Salov, Valery"]
[Black "Portisch, Lajos"]
[Result "1-0"]
[WhiteElo "2710"]
[BlackElo "2610"]

1.d4 d5 2.c4 c6 3.Nc3 Nf6 4.Nf3 e6 5.Bg5 h6 6.Bxf6 Qxf6 7.e3 Nd7 8.Bd3 Qd8
9.O-O Be7 10.Rc1 O-O 11.a3 a6 12.Qc2 b5 13.c5 f5 14.Ne2 Bf6 15.Qc3 a5 16.b4 a4
17.Ne5 Qc7 18.f4 Bd8 19.g4 Nf6 20.h3 Bd7 21.Kh2 Ne4 22.Bxe4 fxe4 23.Rg1 Be8
24.Qe1 Qe7 25.g5 h5 26.g6 h4 27.Rg5 Rf6 28.Qf2 Qc7 29.Rcg1 Ra7 30.R1g4 Rf5
31.Qxh4 Bf6 32.Qh7+ Kf8 33.Rxf5 exf5 34.Rg5 Bd7 35.Qh8+ Ke7 36.Ng3 Qb7 37.Nxf5+ Bxf5
38.Rxf5 Ra8 39.Qh7 Ke6 40.Rxf6+ Kxf6 41.Ng4+ Ke6 42.f5+  1-0

[Event "Tilburg"]
[Site "Tilburg"]
[Date "1994.??.??"]
[Round "4"]
[White "Serper, Grigory"]
[Black "Salov, Valery"]
[Result "0-1"]
[WhiteElo "2575"]
[BlackElo "2710"]

1.c4 Nf6 2.Nc3 e5 3.Nf3 Nc6 4.d3 Bb4 5.Bd2 O-O 6.g3 Re8 7.Bg2 Bxc3 8.Bxc3 d5
9.O-O d4 10.Bd2 h6 11.b4 Qd6 12.Qb3 Bf5 13.b5 Nd8 14.Bb4 Qd7 15.Rfe1 Rc8
16.e3 c5 17.Ba3 Bh3 18.Bh1 dxe3 19.Rxe3 Ng4 20.Re4 f6 21.Bg2 Bxg2 22.Kxg2 h5
23.Rae1 Nf7 24.Bc1 Rcd8 25.Rd1 Re6 26.h3 Ngh6 27.Bxh6 Nxh6 28.Qc2 Rd6 29.Rh4 Rxd3
30.Rxd3 Qxd3 31.Qxd3 Rxd3 32.Rxh5 b6 33.g4 Nf7 34.Rf5 Nd6 35.Rh5 g6 36.Rh4 Nf7  0-1

[Event "Tilburg"]
[Site "Tilburg"]
[Date "1994.??.??"]
[Round "4"]
[White "Shabalov, Alexander"]
[Black "Karpov, Anatoly"]
[Result "0-1"]
[WhiteElo "2600"]
[BlackElo "2780"]

1.e4 c6 2.d4 d5 3.Nc3 dxe4 4.Nxe4 Nd7 5.Bc4 Ngf6 6.Ng5 e6 7.Qe2 Nb6 8.Bb3 h6
9.N5f3 c5 10.Bf4 Nbd5 11.Be5 Qa5+ 12.Nd2 b5 13.dxc5 Bxc5 14.O-O-O Bb7 15.Ne4 Be7
16.Nd6+ Bxd6 17.Bxd6 Rd8 18.Be5 O-O 19.Nf3 Nd7 20.Bd6 Rfe8 21.Nd4 a6 22.Qf3 Qb6
23.Qg3 Rc8 24.Rhe1 N5f6 25.f3 Bd5 26.Bxd5 Nxd5 27.Re4 Kh7 28.Rh4 Rc4 29.b3 Rc3
30.Bf4 Nxf4 31.Qxf4 Nf6 32.Re1 Rd8 33.Re5 Qc7 34.Kb1 Nd5 35.Qg3 Ne3 36.Qe1 Nxg2
37.Qe4+ Kg8 38.Rg4 Re3 39.Rxg7+ Kxg7 40.Qg4+ Kf8  0-1

[Event "Tilburg"]
[Site "Tilburg"]
[Date "1994.??.??"]
[Round "4"]
[White "Pigusov, Evgeny"]
[Black "Akopian, Vladimir"]
[Result "1/2-1/2"]
[WhiteElo "2575"]
[BlackElo "2630"]

1.Nf3 d5 2.g3 c5 3.Bg2 Nc6 4.d4 e6 5.O-O cxd4 6.Nxd4 Bc5 7.Nb3 Bb6 8.c4 Nge7
9.cxd5 Nxd5 10.Nc3 Nxc3 11.bxc3 O-O 12.Ba3 Re8 13.Qc2 Bd7 14.Rad1 Qc8 15.c4 e5
16.Bd6 Bh3 17.Rd5 Bxg2 18.Kxg2 Nd4 19.Qd3 e4 20.Qe3 Nf5 21.Qc3 Nxd6 22.Rxd6 Qg4
23.Qc2 Rac8 24.Rd5 Rc6 25.h3 Qc8 26.c5 Rh6 27.Rh1 Bc7 28.Qd1 e3 29.f4 b6
30.Nd4 bxc5 31.Rxc5 Qb7+ 32.Nf3 Bb6 33.Rd5 Rc6 34.Qd3 Rc3 35.Qb5 Qc8 36.a4 Rc2
37.Re1 h6 38.a5 Bc7 39.Rc5 Rxc5 40.Qxc5 Qd8 41.a6 Bb6 42.Qc4 Re7 43.Qb3 Qc8
44.Ra1 Rc7 45.Ra4 Rc2 46.Qb5 Qc5 47.Qe8+ Kh7 48.Qe4+ f5 49.Qd3 Rc3 50.Qd7 Rc2
51.Qd3 Rc3 52.Qb1 Rc1 53.Qb3 Qc2 54.Qxc2 Rxc2 55.Kf1 Rc1+ 56.Kg2 Rc2 57.Kf1 Rc1+
58.Kg2  1/2-1/2

[Event "Tilburg"]
[Site "Tilburg"]
[Date "1994.??.??"]
[Round "4"]
[White "Khalifman, Alexander"]
[Black "Yudasin, Leonid"]
[Result "1/2-1/2"]
[WhiteElo "2645"]
[BlackElo "2625"]

1.d4 c5 2.c3 e6 3.Nf3 Nf6 4.e3 d5 5.Nbd2 Bd6 6.Bd3 Nc6 7.O-O O-O 8.e4 cxd4
9.cxd4 Nb4 10.Bb1 dxe4 11.Nxe4 Be7 12.Nxf6+ Bxf6 13.a3 Nc6 14.Be3 Qd6 15.Be4 Bd7
16.Qc2 h6 17.Rad1 Rac8 18.Qb1 Na5 19.d5 Ba4 20.dxe6 Qxe6 21.Bh7+ Kh8 22.Bf5 Qa6
23.Bxc8 Bxd1 24.Bxb7  1/2-1/2

[Event "Tilburg"]
[Site "Tilburg"]
[Date "1994.??.??"]
[Round "4"]
[White "Karpov, Anatoly"]
[Black "Shabalov, Alexander"]
[Result "1-0"]
[WhiteElo "2780"]
[BlackElo "2600"]

1.d4 d5 2.c4 c6 3.Nf3 Nf6 4.e3 e6 5.Nbd2 Ne4 6.cxd5 Nxd2 7.Bxd2 exd5 8.Qb3 a5
9.e4 a4 10.Qe3 dxe4 11.Ng5 Be7 12.Qxe4 h6 13.Nf3 Be6 14.Bd3 Nd7 15.O-O Nf6
16.Qe3 O-O 17.Ne5 Re8 18.Bc2 Bf8 19.a3 Qb6 20.Bc3 Bb3 21.Bd3 Rad8 22.Qd2 Rd5
23.Nc4 Qd8 24.Ba5 b6 25.Bc3 c5 26.Ne3 Rd7 27.Nf5 cxd4 28.Bb4 Ne4 29.Qf4 Nc5
30.Bb5 Re4 31.Qf3 Rd5 32.Bxc5 Ree5 33.Nxh6+ gxh6 34.Bxf8 Rxb5 35.Bxh6 Re6
36.Bd2 Rg6 37.Qf4 Bc4 38.Rfe1 Rxb2 39.Rad1 Bb3 40.Bc1 Bxd1 41.Bxb2 Rg4 42.Qf5 Qa8
43.g3 Bf3 44.Rc1 Qe4 45.Qf6  1-0

[Event "Tilburg"]
[Site "Tilburg"]
[Date "1994.??.??"]
[Round "4"]
[White "Ivanchuk, Vassily"]
[Black "Azmaiparashvili, Zurab"]
[Result "1-0"]
[WhiteElo "2695"]
[BlackElo "2625"]

1.e4 d6 2.d4 Nf6 3.Nc3 g6 4.Be2 Bg7 5.f4 d5 6.e5 Ne4 7.Nxe4 dxe4 8.Be3 c6
9.Qd2 h5 10.O-O-O b5 11.d5 Bb7 12.Qc3 cxd5 13.Bxb5+ Kf8 14.Nh3 Na6 15.Ng5 Nc7
16.Ba4 Ne6 17.Nxe6+ fxe6 18.h4 Kf7 19.Rd4 a5 20.Bb5 Qb8 21.Kb1 Rc8 22.Qd2 Rc5
23.Be2 Qc7 24.Ra4 Qd7 25.b3 Rc7 26.Bd4 e3 27.Qxe3 Bc6 28.Ra3 a4 29.Kb2 Bb5
30.Bd1 Rcc8 31.Rg1 Qb7 32.g4 hxg4 33.Rxg4 Be8 34.Rg3 Qb4 35.h5 axb3 36.Rxb3 Qa4
37.a3 Rcb8 38.Bc5 Kg8 39.hxg6 Qc4 40.Be2 Qa4 41.Bd3 Qa5 42.Rh3 Ba4 43.Bb6 d4
44.Rh8+  1-0

[Event "Tilburg"]
[Site "Tilburg"]
[Date "1994.??.??"]
[Round "4"]
[White "Georgiev, Kiril"]
[Black "Sokolov, Ivan"]
[Result "1/2-1/2"]
[WhiteElo "2615"]
[BlackElo "2625"]

1.e4 e5 2.Nf3 Nc6 3.Bb5 a6 4.Ba4 Nf6 5.O-O Be7 6.Qe2 b5 7.Bb3 O-O 8.c3 d5
9.d3 Bb7 10.Nbd2 Re8 11.Rd1 Na5 12.Bc2 Bf8 13.b4 Nc6 14.a3 Bd6 15.Bb2 a5
16.Nb3 axb4 17.axb4 Rxa1 18.Rxa1 Ne7 19.d4 dxe4 20.Nxe5 Ned5 21.Qxb5 Ba8
22.Re1 Nf4 23.Bc1 e3 24.f3 N6d5 25.Bxe3 Bxe5 26.dxe5 Rxe5 27.Be4 Nxg2 28.Bd4 Rg5
29.Ra1 Nb6 30.Nc5 Bxe4 31.fxe4 h6 32.Kh1 Qc8 33.Qd3 Nd7 34.Nxd7 Qxd7 35.Rg1 Nf4
36.Qf3 Rxg1+ 37.Kxg1 Nh3+ 38.Kg2 Ng5 39.Qf5 Ne6 40.b5 Qd6 41.Qe5 Qa3 42.Kf2 Qc1
43.Be3 Qc2+ 44.Ke1 h5 45.Bf2 Qd3 46.Bd4 h4 47.Qf5 Qb1+ 48.Kf2 Qb2+ 49.Kg1 Qe2
50.h3 Qe1+ 51.Kg2 Qg3+ 52.Kh1 Nf4 53.Qg4 Qe1+ 54.Kh2 Ne6 55.Qf5 Qd2+ 56.Kh1 Nf4
57.Qg4 Qe1+ 58.Kh2 Ne6 59.Qf5 Qd2+ 60.Kh1 Qc1+ 61.Kh2 Nf4 62.Qc8+ Kh7 63.Qg4 Qc2+
64.Kg1 Ne2+ 65.Kf1 Ng3+ 66.Ke1 Qb1+ 67.Kd2 Nxe4+ 68.Ke3 Qe1+ 69.Kd3 Nf2+
70.Bxf2 Qxf2 71.c4 Kh6 72.Qd7 Qf3+ 73.Kd2 Qf4+ 74.Kd3 g5 75.c5 Qg3+ 76.Kc4 Qf4+
77.Qd4 Qf1+ 78.Qd3 Qf6 79.b6 Qf4+ 80.Qd4 Qf1+ 81.Kb4 cxb6 82.cxb6 Qb1+ 83.Kc5 f5
84.Qf6+ Kh5 85.Qf7+ Kh6 86.b7 Qc2+ 87.Kd6 Qd3+ 88.Kc7 Qc3+ 89.Kd7 Qd4+ 90.Ke6 Qc4+
91.Ke7 Qc7+ 92.Kf6 Qc6+ 93.Kxf5 Qf3+ 94.Ke6 Qb3+ 95.Kf6 Qf3+ 96.Ke6 Qb3+
97.Kf6 Qf3+  1/2-1/2

[Event "Tilburg"]
[Site "Tilburg"]
[Date "1994.??.??"]
[Round "4"]
[White "Dreev, Alexey"]
[Black "Almasi, Zoltan"]
[Result "1-0"]
[WhiteElo "2650"]
[BlackElo "2620"]

1.d4 Nf6 2.c4 e6 3.Nf3 b6 4.Nc3 Bb7 5.a3 d5 6.Qc2 dxc4 7.Bg5 Nc6 8.Rd1 Be7
9.e4 Na5 10.Ne5 Nd7 11.Bxe7 Qxe7 12.Nxc4 Nxc4 13.Bxc4 O-O 14.O-O c5 15.d5 Ne5
16.Ba2 exd5 17.Nxd5 Bxd5 18.Bxd5 Rac8 19.f4 Ng4 20.Qe2 Nf6 21.Bc4 b5 22.Bxb5 c4
23.Ba4 Nxe4 24.Rd4 f5 25.Rxc4 Qf6 26.h3 Rcd8 27.Rd1 Qh4 28.Qe3 Rxd1+ 29.Bxd1 Re8
30.Rc6 h6 31.Bb3+ Kh8 32.Bf7 Rf8 33.Bg6 Qe7 34.Bxf5 Rxf5 35.Rc4  1-0

[Event "Tilburg"]
[Site "Tilburg"]
[Date "1994.??.??"]
[Round "4"]
[White "Azmaiparashvili, Zurab"]
[Black "Ivanchuk, Vassily"]
[Result "1-0"]
[WhiteElo "2625"]
[BlackElo "2695"]

1.d4 d5 2.c4 e6 3.Nc3 c6 4.Nf3 Nf6 5.Bg5 Nbd7 6.e3 Qa5 7.Nd2 Bb4 8.Qc2 O-O
9.Be2 c5 10.O-O cxd4 11.Nb3 Qb6 12.exd4 dxc4 13.Bxc4 Qc7 14.Qe2 Bxc3 15.bxc3 Ne4
16.Qxe4 Qxc4 17.Rfe1 Nb6 18.Be7 Re8 19.Bc5 Nd5 20.Nd2 Qxc3 21.Qe2 b6 22.Ne4 Qa5
23.Bd6 Bd7 24.Qh5 h6 25.Be5 Re7 26.Bd6 Ree8 27.Red1 Ne7 28.Be5 Bc6 29.d5 Bxd5
30.Bc3 Qa3 31.Bxg7 Bxe4 32.Qxh6 Bh7 33.Be5  1-0

[Event "Tilburg"]
[Site "Tilburg"]
[Date "1994.??.??"]
[Round "4"]
[White "Almasi, Zoltan"]
[Black "Dreev, Alexey"]
[Result "1/2-1/2"]
[WhiteElo "2620"]
[BlackElo "2650"]

1.e4 e6 2.d4 d5 3.Nc3 Nf6 4.Bg5 dxe4 5.Nxe4 Be7 6.Bxf6 Bxf6 7.Nf3 O-O 8.Qd2 b6
9.Nxf6+ Qxf6 10.Bd3 Bb7 11.Ng5 h6 12.Nh7 Qxd4 13.Nxf8 Kxf8 14.c3 Qe5+ 15.Be2 Nc6
16.O-O Rd8 17.Qe1 Qg5 18.f4 Qc5+ 19.Qf2 Rd2 20.Qxc5+ bxc5 21.Bf3 Rxb2 22.Rab1 Rb6
23.Rb3 Na5 24.Ra3 Bxf3 25.Rxa5 Bd5 26.h3 Rb7 27.f5 Ke7 28.fxe6 Kxe6 29.Re1+ Kd6
30.Rd1 Kc6 31.Rd2 Rb1+ 32.Kh2 Kb6 33.Ra4 c6 34.c4 Be6 35.Rd8 Kb7 36.Rd3 Rb4
37.Rb3 a5 38.Rxa5 Bxc4 39.Rba3 Bd5 40.Rxc5 Rb2 41.Rg3 g6 42.a3 Kb6 43.Rc1 c5
44.Rg4 Bf3 45.Rg3 Bd5 46.Rd1 Kc6 47.Ra1 Kb5 48.Rd1  1/2-1/2

[Event "Tilburg"]
[Site "Tilburg"]
[Date "1994.??.??"]
[Round "4"]
[White "Akopian, Vladimir"]
[Black "Pigusov, Evgeny"]
[Result "1-0"]
[WhiteElo "2630"]
[BlackElo "2575"]

1.d4 Nf6 2.c4 e6 3.Nf3 d5 4.Nc3 Be7 5.Bf4 O-O 6.e3 c5 7.dxc5 Bxc5 8.Qc2 Nc6
9.a3 Qa5 10.O-O-O Be7 11.g4 dxc4 12.Bxc4 e5 13.g5 exf4 14.gxf6 Bxf6 15.Nd5 Ne7
16.Nxf6+ gxf6 17.Rhg1+ Kh8 18.Nd4 fxe3 19.fxe3 Bf5 20.Nxf5 Qxf5 21.Bd3 Qe5
22.Kb1 f5 23.Qb3 Rac8 24.Bc2 Qf6 25.Rd7 Nc6 26.Rf1 Ne5 27.Rxf5 Qg7 28.Rd4 Rc6
29.Rh5 h6 30.Be4 Re6 31.Ka2 Ng4 32.Rh4 Rb6 33.Qc3 f5 34.Bxf5 Rxf5 35.Rhxg4 Qf7+
36.Ka1 Kh7 37.Qd3 Rg6  1-0

[Event "Tilburg"]
[Site "Tilburg"]
[Date "1994.??.??"]
[Round "4"]
[White "Yudasin, Leonid"]
[Black "Khalifman, Alexander"]
[Result "0-1"]
[WhiteElo "2625"]
[BlackElo "2645"]

1.e4 c5 2.Nf3 d6 3.d4 cxd4 4.Nxd4 Nf6 5.Nc3 Nc6 6.Bg5 e6 7.Bb5 Qb6 8.Be3 Qc7
9.f4 Be7 10.Qf3 O-O 11.O-O-O a6 12.Nxc6 bxc6 13.Bd3 Rb8 14.g4 Qb7 15.b3 Nd7
16.Kb1 c5 17.Qh3 c4 18.Be2 cxb3 19.cxb3 Qb4 20.Bd2 Nc5 21.Kb2 Nxb3 22.Nd5 Qd4+
23.Bc3 exd5 24.axb3 Qa4 25.Bd4 dxe4 26.f5 d5 27.Qc3 Qa3+ 28.Kc2 Bb4 29.Qb2 Qxb2+
30.Kxb2 Bb7 31.g5 Rbc8 32.h4 Bc5 33.f6 Rfd8 34.Be5 Re8 35.Bf4 Bb4 36.Bd2 Bd6
37.fxg7 Be5+ 38.Kb1 Bxg7 39.Rhf1 Re7 40.h5 Rec7 41.Bg4 Re8 42.Ba5 Rce7 43.h6 Bf8
44.Rf6 e3 45.Rd4 e2 46.Be1 Rc7 47.Kb2 a5  0-1

[Event "Tilburg"]
[Site "Tilburg"]
[Date "1994.??.??"]
[Round "5"]
[White "Georgiev, Kiril"]
[Black "Karpov, Anatoly"]
[Result "0-1"]
[WhiteElo "2615"]
[BlackElo "2780"]

1.d4 Nf6 2.c4 e6 3.Nc3 Bb4 4.Qc2 O-O 5.a3 Bxc3+ 6.Qxc3 b6 7.Bg5 h6 8.Bh4 Bb7
9.Nh3 d5 10.cxd5 exd5 11.e3 c5 12.Bd3 Nc6 13.O-O cxd4 14.exd4 g5 15.Qc1 Nh5
16.Re1 Qf6 17.Nxg5 hxg5 18.Bxg5 Qxd4 19.Re3 f5 20.Rh3 Ne5 21.Bc2 Ng7 22.Be3 Qc4
23.Bh6 Rf7 24.Qd2 Rc8 25.Bb3 Qc6 26.Rg3 Rcc7 27.Re1 Ng4 28.Bf4 Rce7 29.Rc1 Qb5
30.h3 Nf6 31.Bc2 Qe2 32.Qd4 Qc4 33.Qxc4 dxc4 34.Bg5 b5 35.b3 f4 36.Rc3 Nd5
37.Rf3 Re5 38.h4 Ne6 39.bxc4 bxc4 40.Bg6 Rg7  0-1

[Event "Tilburg"]
[Site "Tilburg"]
[Date "1994.??.??"]
[Round "5"]
[White "Ivanchuk, Vassily"]
[Black "Khalifman, Alexander"]
[Result "1/2-1/2"]
[WhiteElo "2695"]
[BlackElo "2645"]

1.e4 d6 2.d4 Nf6 3.Nc3 g6 4.f4 Bg7 5.Be2 c5 6.dxc5 Qa5 7.Qd3 Qxc5 8.Be3 Qa5
9.Nf3 O-O 10.O-O Nbd7 11.Kh1 a6 12.Rad1 Qc7 13.Bd4 e5 14.Be3 Nc5 15.Qxd6 Qxd6
16.Rxd6 Ncxe4 17.Nxe4 Nxe4 18.Rb6 exf4 19.Bxf4 Bf5 20.Rxb7 Nc5  1/2-1/2

[Event "Tilburg"]
[Site "Tilburg"]
[Date "1994.??.??"]
[Round "5"]
[White "Karpov, Anatoly"]
[Black "Georgiev, Kiril"]
[Result "1-0"]
[WhiteElo "2780"]
[BlackElo "2615"]

1.d4 Nf6 2.c4 e6 3.Nf3 d5 4.Nc3 Be7 5.Bg5 h6 6.Bh4 O-O 7.e3 b6 8.Be2 Bb7
9.Bxf6 Bxf6 10.cxd5 exd5 11.b4 c6 12.O-O Qd6 13.Qb3 Nd7 14.Rfe1 Be7 15.Rab1 a5
16.bxa5 Rxa5 17.a4 Re8 18.Bf1 Bf8 19.Qc2 g6 20.e4 dxe4 21.Nxe4 Qf4 22.Bc4 Bg7
23.Re2 c5 24.d5 Raa8 25.Rbe1 Rad8 26.Qb3 Ba8 27.g3 Qb8 28.d6 Rf8 29.Bxf7+ Rxf7
30.Neg5 hxg5 31.Nxg5 Rf8 32.Re8 Qxd6 33.Qxf7+ Kh8 34.Ne6  1-0

[Event "Tilburg"]
[Site "Tilburg"]
[Date "1994.??.??"]
[Round "5"]
[White "Khalifman, Alexander"]
[Black "Ivanchuk, Vassily"]
[Result "1/2-1/2"]
[WhiteElo "2645"]
[BlackElo "2695"]

1.d4 Nf6 2.c4 e6 3.Nf3 b6 4.a3 Bb7 5.Nc3 d5 6.Qc2 Be7 7.cxd5 Nxd5 8.Bd2 O-O
9.e4 Nxc3 10.Bxc3 c5 11.dxc5 bxc5 12.Bd3 Nc6 13.e5 Nd4 14.Nxd4 cxd4 15.Rd1 g6
16.Be4 Bxe4 17.Qxe4 dxc3 18.Rxd8 Rfxd8 19.bxc3 Rac8 20.c4 Bxa3 21.Ke2 Bc5
22.Qc2 Rd4 23.Rd1 Rf4 24.f3 Bb6 25.Rc1 Rc5 26.Qc3 Rf5 27.Kf1 Rfxe5 28.Rd1 Red5
29.Rd3 Rh5 30.h3 Rc8 31.Qc1 Rhc5 32.Rc3 Ba5 33.Rc2 Bb4 34.Qa1 a5 35.Qa2 Rd8
36.g3 g5 37.Kg2 Rd4 38.Qb3 h6 39.Qa2 Kh7 40.Qb1 Kg8 41.Qb3 Rc8 42.Qa2 Rd7
43.Qa4 Rdc7 44.Qb5 Kh7 45.Qa6 Rc6 46.Qb5 R8c7 47.Qb8 Rc8 48.Qb5 Kg8 49.Qb7 R6c7
50.Qb5 Rc5 51.Qd7 R8c7 52.Qd8+ Kg7 53.Qd4+ e5 54.Qb2 Rd7 55.Qb3 Rd4 56.Qa2 h5
57.Qb3 h4 58.Qe3 f6 59.gxh4 Rxh4 60.Qb3 Rd4 61.Qa4 Kf7 62.Qb3 Ke7 63.Kf2 Kd6
64.Kg2 Kc7 65.Kf2 f5 66.Kg2 f4 67.Kf2 e4 68.fxe4 Rxe4 69.Qd3 Re7 70.Re2 Rce5
71.Rxe5 Rxe5 72.Qg6 Bd6 73.Qc2 Kb6 74.Kg2 Kc6 75.Qa4+ Kc7 76.Kf3 Bb4 77.Qa1 Bc3
78.Qd1 Kc6 79.h4 gxh4 80.Kxf4 Kc5 81.Qb3 Kd4 82.Qd1+ Kxc4 83.Qa4+ Kc5 84.Qa3+ Bb4
85.Qc1+ Kd6 86.Qc2 Rd5 87.Qg6+ Kc7 88.Qf7+ Kc6 89.Qg6+ Bd6+ 90.Kg4 Rd4+ 91.Kh3 a4
92.Qc2+ Bc5 93.Qg6+ Kb5 94.Qb1+ Ka5 95.Qe1+ Kb6 96.Qb1+ Rb4 97.Qg6+  1/2-1/2

[Event "Tilburg"]
[Site "Tilburg"]
[Date "1994.??.??"]
[Round "5"]
[White "Salov, Valery"]
[Black "Akopian, Vladimir"]
[Result "1/2-1/2"]
[WhiteElo "2710"]
[BlackElo "2630"]

1.d4 Nf6 2.Nf3 g6 3.Bg5 Bg7 4.Nbd2 c5 5.Bxf6 Bxf6 6.Ne4 Bxd4 7.Nxd4 cxd4
8.Qxd4 O-O 9.c4 Nc6 10.Qd2 d6 11.Nc3 Be6 12.e3 Rc8 13.b3 Qa5 14.Be2 Rfd8
15.e4 a6 16.Nd5 Qxd2+ 17.Kxd2 Kf8  1/2-1/2

[Event "Tilburg"]
[Site "Tilburg"]
[Date "1994.??.??"]
[Round "5"]
[White "Akopian, Vladimir"]
[Black "Salov, Valery"]
[Result "0-1"]
[WhiteElo "2630"]
[BlackElo "2710"]

1.d4 Nf6 2.c4 e6 3.Nf3 b6 4.a3 Bb7 5.Nc3 d5 6.cxd5 Nxd5 7.Bd2 Nd7 8.Qc2 c5
9.e4 Nxc3 10.Bxc3 cxd4 11.Nxd4 a6 12.g3 Qc7 13.Bg2 Bc5 14.Qe2 O-O 15.O-O Rac8
16.Rfd1 Rfd8 17.Rac1 Bf8 18.Qe3 Nc5 19.Be1 Qd7 20.Rd2 Qa4 21.b4 Nd7 22.Rdc2 Rxc2
23.Rxc2 Ne5 24.Rc1 b5 25.Bc3 Nc4 26.Qg5 Qxa3 27.Nf5 exf5 28.Bxg7 Qxc1+ 29.Qxc1 Bxg7
30.exf5 Bxg2 31.Kxg2 Rd2 32.Qe1 Bd4 33.Qe7 h6 34.Kh3 Kg7 35.f4 Bf6 36.Qa7 h5
37.Qg1 Kg8 38.Qe1 Kg7 39.Qg1 Bd4 40.Qe1 Kf8 41.Kh4 Rxh2+ 42.Kg5 Ne3 43.f6 Nd5
44.Qd1 Bxf6+ 45.Kh6 Bg7+ 46.Kg5 Bf6+ 47.Kh6 Bg7+ 48.Kg5 Nf6 49.Qd8+ Ne8 50.Qc8 Bf6+
51.Kh6 Bg7+ 52.Kg5 Bf6+ 53.Kh6 Be7 54.Kh7 Rg2 55.Qc3 Nf6+ 56.Kh8 Re2 57.f5 Re4
58.Qc8+ Ne8 59.Qc6 Bf6+ 60.Kh7 Rc4 61.Qxa6 Bg7  0-1

[Event "Tilburg"]
[Site "Tilburg"]
[Date "1994.??.??"]
[Round "6"]
[White "Bareev, Evgeny"]
[Black "Karpov, Anatoly"]
[Result "1-0"]
[WhiteElo "2675"]
[BlackElo "2780"]

1.d4 Nf6 2.c4 e6 3.Nf3 b6 4.e3 Bb7 5.Nc3 Bb4 6.Bd3 c5 7.O-O O-O 8.Bd2 d5
9.cxd5 cxd4 10.exd4 Bxc3 11.bxc3 Qxd5 12.Re1 Nbd7 13.Qe2 Rfd8 14.a4 Bc6 15.Qf1 Qd6
16.Ne5 Nxe5 17.Rxe5 Ng4 18.Rh5 Nf6 19.Rh4 e5 20.Be3 h6 21.Qc1 Kf8 22.dxe5 Qxe5
23.Bd4 Qd5 24.Bf1 Rd6 25.a5 Ne4 26.Rg4 g5 27.axb6 axb6 28.Rxa8+ Bxa8 29.Qa3 Qa5
30.Qxa5 bxa5 31.f3 f5 32.fxe4 Rxd4 33.cxd4 fxg4 34.Bd3 a4 35.d5 Ke7 36.Kf2 Kd6
37.Ke3 a3 38.Bb1 g3 39.hxg3 Ke5 40.Kd3 Bb7 41.Kc4 Bc8 42.Kb4 Bg4 43.Kxa3 Be2
44.Kb4 Bf1 45.Kc5 Bxg2 46.Bd3 Bf3 47.d6 Bg4 48.Kc6 Bc8 49.Kc7 Be6 50.Bc4 Bg4
51.Be2 Be6 52.Bf3 g4 53.Bg2 h5 54.d7  1-0

[Event "Tilburg"]
[Site "Tilburg"]
[Date "1994.??.??"]
[Round "6"]
[White "Ivanchuk, Vassily"]
[Black "Salov, Valery"]
[Result "1/2-1/2"]
[WhiteElo "2695"]
[BlackElo "2710"]

1.e4 c5 2.Nf3 Nc6 3.d4 cxd4 4.Nxd4 Nf6 5.Nc3 d6 6.Bg5 e6 7.Qd2 a6 8.O-O-O h6
9.Be3 Be7 10.f3 Nxd4 11.Bxd4 b5 12.h4 Qa5 13.Qf2 Rb8 14.Kb1 b4 15.Ne2 e5
16.Ba7 Rb7 17.Nc1 Be6 18.Be3 d5 19.Nb3 Qa4 20.Bc5 O-O 21.g4 d4 22.Bxe7 Rxe7
23.Bh3 Qc6 24.Nc1 Bc4 25.Bf1 Bxf1 26.Rhxf1 a5 27.Nd3 Rc8 28.Qh2 Qd6 29.g5 Nd7
30.gxh6 Qxh6 31.Rg1 Rc6 32.h5 Rg6 33.Rxg6 fxg6 34.Rh1 gxh5 35.Qxh5 Re6 36.a3 bxa3
37.bxa3 Qxh5 38.Rxh5 g6 39.Rg5 Kf7 40.f4 exf4 41.Nxf4 Rxe4 42.Nxg6 a4 43.Kc1 Kf6
44.Rd5 Ke6 45.Ra5 Kf6 46.Ra6+ Kg5 47.Rd6 Nf6 48.Nh8 Kf5 49.Nf7 Re7 50.Nh6+ Kg5
51.Rxf6 Kxf6 52.Ng8+  1/2-1/2

[Event "Tilburg"]
[Site "Tilburg"]
[Date "1994.??.??"]
[Round "6"]
[White "Salov, Valery"]
[Black "Ivanchuk, Vassily"]
[Result "1/2-1/2"]
[WhiteElo "2710"]
[BlackElo "2695"]

1.d4 g6 2.Nf3 Bg7 3.e4 d6 4.Be2 Nf6 5.Nc3 O-O 6.O-O c6 7.Re1 Nbd7 8.e5 Ne8
9.Bf4 dxe5 10.dxe5 Nc7 11.Ne4 Ne6 12.Bg3 Qa5 13.Qd2 Qxd2 14.Nexd2 Rd8 15.Nc4 b6
16.a4 c5 17.c3 Bb7 18.h4 Bh6 19.Nh2 Ndf8 20.Ng4 Bf4 21.Bxf4 Nxf4 22.Bf1 h5
23.Nge3 N8e6 24.f3 Kf8 25.Red1 Bc6 26.g3 Nd5 27.Kf2 Nxe3 28.Rxd8+ Rxd8 29.Kxe3 Ke8
30.Be2 Nc7 31.Bd1 Bd5 32.Nd2 Bb7 33.Bb3 Nd5+ 34.Ke2 Ba6+ 35.Bc4 Bxc4+ 36.Nxc4 Kd7
37.Kd3 Ke6 38.Ke4 f5+ 39.exf6 exf6 40.Re1 Kf7 41.Rg1 Ke6  1/2-1/2

[Event "Tilburg"]
[Site "Tilburg"]
[Date "1994.??.??"]
[Round "7"]
[White "Bareev, Evgeny"]
[Black "Salov, Valery"]
[Result "1/2-1/2"]
[WhiteElo "2675"]
[BlackElo "2710"]

1.d4 Nf6 2.c4 e6 3.Nc3 Bb4 4.e3 O-O 5.Bd3 d5 6.Nf3 b6 7.O-O Bb7 8.cxd5 exd5
9.Ne5 c5 10.Ne2 c4 11.Bf5 g6 12.Bh3 b5 13.a4 a6 14.Nc3 Qb6 15.f4 Be7 16.axb5 axb5
17.Rxa8 Bxa8 18.f5 Bb7 19.g4 g5 20.Bg2 Ne4 21.Qc2 f6 22.Nf3 Nxc3 23.bxc3 Na6
24.e4 dxe4 25.Nd2 e3 26.Ne4 Nc7 27.Bxe3 Nd5 28.Qf2 Kg7 29.Bd2 h6 30.Re1 Rf7
31.h4 b4 32.hxg5 hxg5 33.cxb4 Nxb4 34.Rb1 Bxe4 35.Bxe4 Rf8 36.Bc3 Rb8 37.Qd2 Qd6
38.Qh2 Qxh2+ 39.Kxh2 Bd6+ 40.Kg2 Rb6 41.Rb2 Kf8 42.Kf3 Ke7 43.Rb1 Nd5 44.Rxb6 Nxb6
45.Bc6 Ba3 46.Ba5 Nc8 47.Ke4 Nd6+ 48.Kd5 Bc1 49.Bb4 Bf4 50.Bb5 Bg3 51.Bxc4 Bf4  1/2-1/2